Di opshtamung funem mentsh (Запись № 11595957)

Подробности
000 -МАРКЕР
контрольное поле 01806nam0a22004211 4500
001 - ИДЕНТИФИКАТОР ЗАПИСИ
контрольное поле RU\NLR\Evr\2256
005 - ИДЕНТИФИКАТОР ВЕРСИИ
контрольное поле 20260407071314.0
035 ## - ДРУГИЕ СИСТЕМНЫЕ НОМЕРА
Идентификатор записи (NLR Aleph) 011418643
100 ## - ДАННЫЕ ОБЩЕЙ ОБРАБОТКИ
Данные общей обработки 20070718d1947 u y0rusy50 ca
101 1# - ЯЗЫК РЕСУРСА
Язык текста, звукозаписи и т.д. идиш
102 ## - СТРАНА ПУБЛИКАЦИИ ИЛИ ПРОИЗВОДСТВА
Страна публикации российская федерация
105 ## - ПОЛЕ КОДИРОВАННЫХ ДАННЫХ: ТЕКСТОВЫЕ МАТЕРИАЛЫ, МОНОГРАФИЧЕСКИЕ
Кодированные данные о монографическом текстовом документе a |||||||||
200 1# - ЗАГЛАВИЕ И СВЕДЕНИЯ ОБ ОТВЕТСТВЕННОСТИ
Связь между полями a01
Графика поля Латинская
Основное заглавие Di opshtamung funem mentsh
Первые сведения об ответственности Prof. V. Nikolski un prof. M. Nesturkh
Последующие сведения об ответственности [Yidish - F. Altshuler]
210 ## - ПУБЛИКАЦИЯ, РАСПРОСТРАНЕНИЕ И ДР.
Связь между полями a01
Место издания, распространения и т.д. Moskve
Имя издателя, распространителя и т. д. OGIZ; Der emes
Дата издания, распространения и т.д. 1947
Графика поля Латинская
210 ## - ПУБЛИКАЦИЯ, РАСПРОСТРАНЕНИЕ И ДР.
Связь между полями a01
-- z02
Место издания, распространения и т.д. מאָסקווע
Имя издателя, распространителя и т. д. אָגיז; דער עמעס
Дата издания, распространения и т.д. 1947
210 ## - ПУБЛИКАЦИЯ, РАСПРОСТРАНЕНИЕ И ДР.
-- z02
Место издания, распространения и т.д. Москва
Имя издателя, распространителя и т. д. ОГИЗ; Дер эмес
Дата издания, распространения и т.д. 1947
Графика поля Кириллица
215 ## - ФИЗИЧЕСКАЯ ХАРАКТЕРИСТИКА
Специфическое обозначение материала и объем 63 с.
Другие сведения о физической характеристике Ил.
Размеры 16 см.
510 1# - ПАРАЛЛЕЛЬНОЕ ЗАГЛАВИЕ
Связь между полями a01
Параллельное заглавие די אָפּשטאמונג פונעמ מענטש
-- פּראָפ. וו. ניקאָלסקי אונ פּראָפ. מ. נעסטורכ
-- [יידיש - פ. אלטשולער]
541 1# - ПЕРЕВОД ЗАГЛАВИЯ, СДЕЛАННЫЙ КАТАЛОГИЗАТОРОМ
Заглавие Происхождение человека
Язык заглавия русский
700 #1 - ИМЯ ЛИЦА - ПЕРВИЧНАЯ ОТВЕТСТВЕННОСТЬ
Код отношения Автор
Графика поля Кириллица
Материалы, к которым относится поле rus
Начальный элемент ввода Никольский
Часть имени, кроме начального элемента ввода В. К.
Дополнения к именам, кроме дат д-р ист. наук
Даты 1894-1953
Расширение инициалов личного имени Владимир Капитонович
Идентификатор авторитетной/нормативной записи RU\NLR\AUTH\770278243
Системный номер авторитетной/нормативной записи 2650210
701 #1 - ИМЯ ЛИЦА - АЛЬТЕРНАТИВНАЯ ОТВЕТСТВЕННОСТЬ
Связь между полями a01
Начальный элемент ввода Nesturkh
Часть имени, кроме начального элемента ввода M.F.
Даты 1895-1979
Расширение инициалов личного имени Mikhail Fedorovitsh
Идентификатор авторитетной/нормативной записи RU\NLR\AUTH\7951859
Код отношения Автор
Графика поля Латинская
701 #1 - ИМЯ ЛИЦА - АЛЬТЕРНАТИВНАЯ ОТВЕТСТВЕННОСТЬ
Связь между полями a01
Начальный элемент ввода Nesturkh
Часть имени, кроме начального элемента ввода M.
Код отношения Автор
Графика поля Латинская
701 #1 - ИМЯ ЛИЦА - АЛЬТЕРНАТИВНАЯ ОТВЕТСТВЕННОСТЬ
Связь между полями a01
Начальный элемент ввода נעסטורך
Часть имени, кроме начального элемента ввода
Код отношения Автор
Графика поля Древнееврейская
702 #1 - ИМЯ ЛИЦА - ВТОРИЧНАЯ ОТВЕТСТВЕННОСТЬ
Связь между полями a01
Начальный элемент ввода Альтшулер
Часть имени, кроме начального элемента ввода Ф.
Идентификатор авторитетной/нормативной записи RU\NLR\AUTH\7955302
Код отношения Переводчик
Графика поля Кириллица
702 #1 - ИМЯ ЛИЦА - ВТОРИЧНАЯ ОТВЕТСТВЕННОСТЬ
Связь между полями a01
Начальный элемент ввода Altshuler
Часть имени, кроме начального элемента ввода F.
Код отношения Переводчик
Графика поля Латинская
702 #1 - ИМЯ ЛИЦА - ВТОРИЧНАЯ ОТВЕТСТВЕННОСТЬ
Связь между полями a01
Начальный элемент ввода אלטשולער
Часть имени, кроме начального элемента ввода
Код отношения Переводчик
Графика поля Древнееврейская
790 #1 - ИМЯ ЛИЦА - АЛЬТЕРНАТИВНАЯ ФОРМА
Связь между полями a01
Начальный элемент ввода Nikol'ski
Часть имени, кроме начального элемента ввода V.
Код отношения Автор
Графика поля Латинская
790 #1 - ИМЯ ЛИЦА - АЛЬТЕРНАТИВНАЯ ФОРМА
Связь между полями a01
Начальный элемент ввода ניקאָלסקי
Часть имени, кроме начального элемента ввода .וו
Код отношения Автор
801 #0 - ИСТОЧНИК ЗАПИСИ
Страна российская федерация
Организация NLR
Дата составления 20070718
Правила каталогизации psbo
801 #0 - ИСТОЧНИК ЗАПИСИ
Страна российская федерация
Организация NLR
Правила каталогизации PSBO
801 #1 - ИСТОЧНИК ЗАПИСИ
Страна российская федерация
Организация NLR
Дата составления 20070718
Источник данных rusmarc
801 #2 - ИСТОЧНИК ЗАПИСИ
Страна российская федерация
Организация NLR
Дата составления 20070718
Источник данных rusmarc
852 ## - МЕСТОНАХОЖДЕНИЕ И ШИФР ХРАНЕНИЯ
Идентификатор организации NLR
Наименование фонда или коллекции (Sub-Location Identifier) ОЛСАА/идиш
Шифр хранения (Call Number) 2-407
942 ## - ДОПОЛНИТЕЛЬНЫЕ ЭЛЕМЕНТЫ ЗАПИСИ (АБИС)
Тип экземпляра АБИС Книга
980 ## - КОЛЛЕКЦИЯ
Название коллекции Национальная библиография
980 1# - КОЛЛЕКЦИЯ
Название коллекции Издания на идише из фонда ОЛСАА

Нет доступных экземпляров.